| 000 | 00381nam a2200133Ia 4500 | ||
|---|---|---|---|
| 008 | 210210b1983 xxu||||| |||| 00| 0 eng d | ||
| 082 | _a338.954 MAHE | ||
| 100 | _aMAHAJAN (V S). | ||
| 245 | _aEconomic development of India: a review of recent economic studies. | ||
| 260 |
_aND _bDeep & Deep Publications _c1983 |
||
| 300 | _a219 | ||
| 690 | _aIndian Economics | ||
| 906 | _aSG02247 | ||
| 999 |
_c113375 _d113375 |
||